Adapting the reactive search optimization and visualization algorithms for multiobjective optimization problems application /

Elmentve itt :
Bibliográfiai részletek
Szerzők: Mosavi Amir
Hoffmann Miklós
Milani A. S.
Testületi szerző: Conference of PhD students in computer science (8.) (2012) (Szeged)
Dokumentumtípus: Könyv része
Megjelent: 2012
Sorozat:Conference of PhD Students in Computer Science 8
Kulcsszavak:Számítástechnika - előadáskivonat, Algoritmus - előadáskivonat, Geometria - előadáskivonat
Online Access:http://acta.bibl.u-szeged.hu/61629
LEADER 00903naa a2200205 i 4500
001 acta61629
005 20260224081030.0
008 191022s2012 hu o 100 eng d
040 |a SZTE Egyetemi Kiadványok Repozitórium  |b hun 
041 |a eng 
100 1 |a Mosavi Amir 
245 1 0 |a Adapting the reactive search optimization and visualization algorithms for multiobjective optimization problems  |h [elektronikus dokumentum] :  |b application /  |c  Mosavi Amir 
260 |c 2012 
300 |a 35-36 
490 0 |a Conference of PhD Students in Computer Science  |v 8 
695 |a Számítástechnika - előadáskivonat, Algoritmus - előadáskivonat, Geometria - előadáskivonat 
700 0 1 |a Hoffmann Miklós  |e aut 
700 0 1 |a Milani A. S.  |e aut 
710 |a Conference of PhD students in computer science (8.) (2012) (Szeged) 
856 4 0 |u http://acta.bibl.u-szeged.hu/61629/1/cscs_2012_035-036.pdf  |z Dokumentum-elérés